000 01061nam a2200265Ia 4500
003 OSt
005 20221005105150.0
006 a|||||r|||| 00| 0
007 ta
008 221004b |||||||| |||| 00| 0 hin d
020 _a9788179758663 (hbk)
_cINR 900.00
024 _a42578
037 _b306, 15/03/2019, Shivalik Prakashan
_cTextual
040 _aCRL
_cCRL
_bhin
041 _2hin
_ahin
082 _aO152:g, Q8
100 _aरजत रानी मीनू, संपा.
245 0 _aअंतराष्ट्रीय परिदृश्य में हिन्दी साहित्य
246 _aAantarāṣhṭrīya paridṛushya mean hindī sāhitya
260 _aनई दिल्ली
_bअनामिका पब्लिशर्स भारत
_c2018
300 _a350पृ0
_ccm.
650 _aहिन्दी साहित्य
942 _hO152:g, Q8
_cTEXL
_2cc
999 _c1014977
_d1014977